Dinosaurs : (Record no. 6914)
[ view plain ]
| 000 -LEADER | |
|---|---|
| fixed length control field | 01820cam a2200361 a 4500 |
| 001 - CONTROL NUMBER | |
| control field | 6914 |
| 003 - CONTROL NUMBER IDENTIFIER | |
| control field | FISKH |
| 005 - DATE AND TIME OF LATEST TRANSACTION | |
| control field | 20250606103952.0 |
| 008 - FIXED-LENGTH DATA ELEMENTS--GENERAL INFORMATION | |
| fixed length control field | 100514r20112009nyua j 001 0 eng |
| 010 ## - LIBRARY OF CONGRESS CONTROL NUMBER | |
| LC control number | 2010018526 |
| 020 ## - INTERNATIONAL STANDARD BOOK NUMBER | |
| International Standard Book Number | 9780843122312 (pbk.) |
| 020 ## - INTERNATIONAL STANDARD BOOK NUMBER | |
| International Standard Book Number | 0843122315 (pbk.) |
| 040 ## - CATALOGING SOURCE | |
| Original cataloging agency | DLC |
| Transcribing agency | DLC |
| Language of cataloging | eng |
| 050 ## - LIBRARY OF CONGRESS CALL NUMBER | |
| Classification number | QE861.5 .A73 |
| 082 ## - DEWEY DECIMAL CLASSIFICATION NUMBER | |
| Classification number | 567.9 |
| 100 1# - MAIN ENTRY--PERSONAL NAME | |
| Personal name | Ardagh, Philip. |
| 245 10 - TITLE STATEMENT | |
| Title | Dinosaurs : |
| Remainder of title | claws and all / |
| Statement of responsibility, etc. | Philip Ardagh ; illustrated by Mike Gordon. |
| 260 ## - PUBLICATION, DISTRIBUTION, ETC. | |
| Place of publication, distribution, etc. | New York : |
| Name of publisher, distributor, etc. | Price Stern Sloan, |
| Date of publication, distribution, etc. | 2011. |
| 300 ## - PHYSICAL DESCRIPTION | |
| Extent | 63 pages : |
| Other physical details | color illustrations ; |
| Dimensions | 20 cm |
| 500 ## - GENERAL NOTE | |
| General note | Includes index. |
| 500 ## - GENERAL NOTE | |
| General note | Originally published: Great Britain : Scholastic UK, 2009. |
| 505 0# - FORMATTED CONTENTS NOTE | |
| Formatted contents note | Welcome to Henry's house! -- Egg-citing times! -- Mighty giants -- Defense -- The king of the dinosaurs -- Hatching a plan -- Slashing claws -- The raiders -- Zoom! -- Clues--clues--clues! -- Neck and neck -- Boneheads -- Big heads! -- Other life on Earth -- Big beast! -- Good and noisy! -- Cooling off -- Spine time -- Different times -- When in the world -- The death of dinos -- Famous finds -- Where in the world -- Dino guide. |
| 505 0# - FORMATTED CONTENTS NOTE | |
| Formatted contents note | P<br/> |
| 520 ## - SUMMARY, ETC. | |
| Summary, etc. | Meet Henry, an ordinary boy in an extraordinary house... There's a diplodocus in the basement and fossil footprints in the garden! Step inside Henry's House and join Henry, Jaggers the caretaker and a quirky cast of characters as they find out about dinosaurs. Fact-packed, fun-packed, get packed ... and head for Henry's House! |
| 521 8# - TARGET AUDIENCE NOTE | |
| Target audience note | 660<br/> |
| Source | Lexile estimate<br/> |
| 521 8# - TARGET AUDIENCE NOTE | |
| Target audience note | P<br/> |
| Source | Raz-Plus<br/> |
| 650 #0 - SUBJECT ADDED ENTRY--TOPICAL TERM | |
| Topical term or geographic name entry element | Dinosaurs |
| Form subdivision | Juvenile literature. |
| 650 #1 - SUBJECT ADDED ENTRY--TOPICAL TERM | |
| Topical term or geographic name entry element | Dinosaurs. |
| 700 1# - ADDED ENTRY--PERSONAL NAME | |
| Personal name | Gordon, Mike, |
| Dates associated with a name | 1948 March 16- |
| Relator term | illustrator |
| 906 ## - LOCAL DATA ELEMENT F, LDF (RLIN) | |
| a | 7 |
| b | cbc |
| c | orignew |
| d | 1 |
| e | ecip |
| f | 20 |
| g | y-gencatlg |
| 942 ## - ADDED ENTRY ELEMENTS (KOHA) | |
| Source of classification or shelving scheme | Dewey Decimal Classification |
| Koha item type | Books |
| Suppress in OPAC | No |
| Withdrawn status | Lost status | Source of classification or shelving scheme | Damaged status | Not for loan | Collection | Home library | Current library | Shelving location | Date acquired | Total Checkouts | Full call number | Barcode | Date last seen | Date last checked out | Copy number | Price effective from | Koha item type |
|---|---|---|---|---|---|---|---|---|---|---|---|---|---|---|---|---|---|
| Dewey Decimal Classification | Juvenile Fiction | Footprints International School Library Network Toul Kork Campus | Footprints International School Library Network Toul Kork Campus | TK Primary Library Room(4th Floor), Bookcase 5&6, Shelves 33-56, Orange Books | 06/06/2025 | 1 | ARD 567.9 QE861.5 .A73 | FISTK03231 | 03/20/2026 | 01/30/2026 | 1 | 06/06/2025 | Books | ||||
| Dewey Decimal Classification | Juvenile Fiction | Footprints International School Library Network Toul Tom Poung Campus | Footprints International School Library Network Toul Tom Poung Campus | TTP Primary Orange Bookshelves | 08/18/2025 | ARD 567.9 QE861.5 .A73 | FIS03662 | 08/18/2025 | 2 | 08/18/2025 | Books |
